• 首页
  • 本馆介绍
  • 公告通知
  • 最新文献
  • 馆藏检索
  • 电子资源
  • 读者导购
  • 参考咨询
  • 我的图书馆
  • 登录
  • 详细信息显示
  • 放入我的书架
  • 预约/预借图书
  • 作者相关作品
  • 分类相关作品
  • 丛书相关作品
  • 出版社相关作品

书目信息

  • 表格格式
  • 工作单格式
  • 卡片格式
题名:
功能材料学
    
 
作者: 周馨我 主编
分册:  
出版信息: 北京   北京理工大学出版社  2002
页数: 396页
开本: 26cm
丛书名:
单 册:
中图分类: TB34
科图分类:
主题词: 功能材料--高等教育--教材 , 功能材料
电子资源:
ISBN: 978-7-81045-885-6
000 00810nam0 2200265 45450
001 012015000070
005 20150914103246.35
010    @a978-7-81045-885-6@dCNY45.00
100    @a20011128d2002 ekmy0chiy0121 ea
101 0  @achi
102    @aCN@b110000
105    @aak a 000yy
106    @ar
200 1  @a功能材料学@AGong Neng Cai Liao Xue@f周馨我主编
210    @a北京@c北京理工大学出版社@d2002
215    @a396页@c图@d26cm
300    @a普通高等教育兵工类规划教材
320    @a有书目 (第395-396页)
330    @a本书内容包括:导电材料、介电材料、压电材料、热电材料、磁性材料、发光材料、光调制用材料、纳米材料等。
606 0  @a功能材料@x高等教育@j教材
606 0  @a功能材料
690    @aTB34@v5
701  0 @a周馨我@AZhou Xin Wo@4主编
801  0 @aCN@b碧洲教育@c20150716
905    @a10447@f4@dTB34@e247
    
    功能材料学/周馨我主编.-北京:北京理工大学出版社,2002
    396页:图;26cm
    普通高等教育兵工类规划教材
    
    ISBN 978-7-81045-885-6:CNY45.00
    本书内容包括:导电材料、介电材料、压电材料、热电材料、磁性材料、发光材料、光调制用材料、纳米材料等。
●
相关链接 在E读中查询图书 在五车中查询图书 在当当中查询图书 在豆瓣中查询图书


正题名:功能材料学     索取号:TB34/247         预约/预借

序号 登录号 条形码 馆藏地/架位号 状态 备注
1 0870726   208707265   第二样本阅览室/ [索取号:TB34/247] 在馆    
2 0870727   208707274   密集书库-化学系/ [索取号:TB34/247] 在馆    
3 0870728   208707283   第三借阅区/ [索取号:TB34/247] 在馆    
4 0870729   208707292   第三借阅区/ [索取号:TB34/247] 在馆    
唐山师范学院图书馆 欢迎您!
大连网信软件有限公司© 版权所有